| 000 | 00750nam a2200217 a 4500 | ||
|---|---|---|---|
| 001 | 3557 | ||
| 003 | CDMR | ||
| 005 | 20151030104202.0 | ||
| 008 | 130130s1971||||||||||||||||||||||||||||d | ||
| 040 |
_aCDMR _bcat _cCDMR |
||
| 100 | 1 |
_aWatzlawick, Paul _92544 |
|
| 245 | 1 | 0 |
_aTeoría de la comunicación humana _b: interacciones, patologías y paradojas _cPaul Watzlawick, Janet Helmick Beavin, Don D. Jackson |
| 260 |
_aBuenos Aires _c1971 _bTiempo Contemporáneo |
||
| 300 | _a258 p. | ||
| 490 | 0 |
_aBiblioteca de Ciencias Sociales. _aAnálisis y perspectivas |
|
| 650 | 0 | 4 |
_92367 _aComunicació _xAspectes psicològics |
| 650 | 0 | 4 |
_9388 _aComunicació humana |
| 700 | 1 |
_94474 _aBeavin, Janet Helmick |
|
| 700 | 1 |
_94475 _aJackson, Don D. |
|
| 942 |
_cMON _2udc |
||
| 999 |
_c3557 _d3557 |
||